00357nam a2200145Ia 4500008004100000020001500041041001200056082001100068100001200079245004300091260003600134300000900170650001700179700001500196221030s9999 xx 000 0 und d a8121902983 aEnglish a105.23 aG. Datt 0aIndian Economycby G. Datt, A. Mahajan bS. Chand & Co.aNew Delhic2010 a1014 aBE Economics aA. Mahajan